Topology and geometry for physicists (Record no. 15151)

MARC details
000 -LEADER
fixed length control field 00634nam a2200217Ia 4500
003 - CONTROL NUMBER IDENTIFIER
control field IN-BaIIA
008 - FIXED-LENGTH DATA ELEMENTS--GENERAL INFORMATION
fixed length control field 211028s9999 xx 000 0 eng d
020 ## - INTERNATIONAL STANDARD BOOK NUMBER
International Standard Book Number 0-12-51408-9
040 ## - CATALOGING SOURCE
Transcribing agency IIA Library
080 ## - UNIVERSAL DECIMAL CLASSIFICATION NUMBER
Universal Decimal Classification number 515.12
Item number NAS
100 ## - MAIN ENTRY--PERSONAL NAME
Personal name Nash, C.
9 (RLIN) 27736
245 #0 - TITLE STATEMENT
Title Topology and geometry for physicists
Statement of responsibility, etc. C. Nash and S. Sen
260 ## - PUBLICATION, DISTRIBUTION, ETC.
Place of publication, distribution, etc. London
Name of publisher, distributor, etc. Academic Press
Date of publication, distribution, etc. 1983
300 ## - PHYSICAL DESCRIPTION
Extent x, 311p.
650 ## - SUBJECT ADDED ENTRY--TOPICAL TERM
Topical term or geographic name entry element Cohomology
9 (RLIN) 27737
650 ## - SUBJECT ADDED ENTRY--TOPICAL TERM
Topical term or geographic name entry element Differential geometry
650 ## - SUBJECT ADDED ENTRY--TOPICAL TERM
Topical term or geographic name entry element Homology group
9 (RLIN) 27738
650 ## - SUBJECT ADDED ENTRY--TOPICAL TERM
Topical term or geographic name entry element Morse theory
9 (RLIN) 27739
700 ## - ADDED ENTRY--PERSONAL NAME
Personal name Sen, S.
9 (RLIN) 27740
942 ## - ADDED ENTRY ELEMENTS (KOHA)
Koha item type Books
Holdings
Withdrawn status Lost status Damaged status Not for loan Home library Current library Shelving location Date acquired Total Checkouts Full call number Barcode Date last seen Date last checked out Price effective from Koha item type
        IIA Library-Bangalore IIA Library-Bangalore General Stacks 26/07/2003 6 515.12/ NAS 16073 20/05/2026 24/12/2025 26/07/2003 Books

Powered by Koha